000
00357nam a2200133Ia 4500
008
231129s1977||||xx |||||||||||||| ||spa||
020
_a
84-7441-045-2
040
_b
spa
082
_a
R 645.2 M972
245
0
_a
Muros suelos y techos : Los rincones de la casa
260
_c
1977
264
_a
Piesa
942
_2
ddc
_c
BKS
999
_c
21505
_d
21505